LEADER 03773oam 2200685I 450 001 9910462191903321 005 20200520144314.0 010 $a0-7890-2080-7 010 $a1-283-70969-4 010 $a0-203-04972-1 010 $a1-136-41120-8 024 7 $a10.4324/9780203049723 035 $a(CKB)2670000000269249 035 $a(EBL)1046848 035 $a(OCoLC)817887396 035 $a(SSID)ssj0000755478 035 $a(PQKBManifestationID)11496251 035 $a(PQKBTitleCode)TC0000755478 035 $a(PQKBWorkID)10729878 035 $a(PQKB)10754591 035 $a(MiAaPQ)EBC1046848 035 $a(Au-PeEL)EBL1046848 035 $a(CaPaEBR)ebr10619018 035 $a(CaONFJC)MIL402219 035 $a(OCoLC)817224969 035 $a(EXLCZ)992670000000269249 100 $a20180706d2002 uy 0 101 0 $aeng 135 $aur|n|---||||| 181 $ctxt 182 $cc 183 $acr 200 00$aDevolution and aging policy /$fFrancis G. Caro, Robert Morris, editors 210 1$aNew York :$cHaworth Press,$d2002. 215 $a1 online resource (287 p.) 300 $a"Devolution and aging policy has been co-published simultaneously as Journal of aging & social policy, volume 14, numbers 3/4 2002." 311 $a0-7890-2081-5 320 $aIncludes bibliographical references and index. 327 $a""Cover""; ""Devolution and Aging Policy""; ""Copyright""; ""CONTENTS""; ""INTRODUCTION""; ""Devolution and Aging Policy""; ""IMPLEMENTATION OF ESTABLISHED FEDERAL-STATE PROGRAMS""; ""State Discretion and Medicaid Program Variation in Long-Term Care: When Is Enough, Enough?""; ""Devolution of Employment and Training Policy: The Case of Older Workers""; ""Volunteerism and Social Capital in Policy Implementation: Evidence from the Long-Term Care Ombudsman Program""; ""INNOVATION WITHIN ESTABLISHED FEDERAL-STATE PROGRAMS"" 327 $a""Partnership Insurance: An Innovation to Meet Long-Term Care Financing Needs in an Era of Federal Minimalism""""Implementation Issues Consumer-Directed Programs: Comparing Views of Policy Experts, Consumers, and Representatives""; ""A FEDERAL DEMONSTRATION TO STIMULATE SERVICE DEVELOPMENT WITHIN STATES""; ""Weighing the Success of a National Alzheimera???s Disease Service Demonstration""; ""PUBLIC SECTOR, STATE, AND LOCAL INITIATIVES""; ""Strengthening Senior Tax Credit Programs in Massachusetts"" 327 $a""Assessing State Efforts to Meet Baby Boomersa??? Long-Term Care Needs: A Case Study in Compensatory Federalism""""Naturally Occurring Retirement Community-Supportive Service Program: An Example of Devolution""; ""Information Technology Issues in an Era of Greater State Responsibilities: Policy Concerns for Seniors""; ""PRIVATE SECTOR INITIATIVES""; ""A Consumer Cooperative Association Specializing in Services for the Elderly""; ""Kaiser Permanentea???s Manifesto 2005 Demonstration: The Promises and Limits of Devolution""; ""Age Concerns: Innovation Through Care Management""; ""Index"" 606 $aOlder people$xGovernment policy$zUnited States 606 $aOlder people$xServices for$zUnited States 606 $aDecentralization in government$zUnited States 606 $aPrivatization$zUnited States 608 $aElectronic books. 615 0$aOlder people$xGovernment policy 615 0$aOlder people$xServices for 615 0$aDecentralization in government 615 0$aPrivatization 676 $a362.6/0973 701 $aCaro$b Francis G.$f1936-$0896702 701 $aMorris$b Robert$f1910-2005.$032879 801 0$bMiAaPQ 801 1$bMiAaPQ 801 2$bMiAaPQ 906 $aBOOK 912 $a9910462191903321 996 $aDevolution and aging policy$92003274 997 $aUNINA LEADER 04544nam 2200625 450 001 9910480097403321 005 20211020103025.5 010 $a3-96456-270-X 024 7 $a10.31819/9783964562708 035 $a(CKB)4100000008167824 035 $a(DE-B1597)516780 035 $a(OCoLC)1100457879 035 $a(DE-B1597)9783964562708 035 $a(MiAaPQ)EBC6469219 035 $a(Au-PeEL)EBL6469219 035 $a(OCoLC)1237406829 035 $a(MiAaPQ)EBC6769750 035 $a(EXLCZ)994100000008167824 100 $a20210921d2004 uy 0 101 0 $aspa 135 $aur||#|||||||| 181 $ctxt$2rdacontent 182 $cc$2rdamedia 183 $acr$2rdacarrier 200 00$aMemoria, duelo y narracio?n $eChile despue?s de Pinochet: literatura, cine, sociedad /$fRoland Spiller, Titus Heydenreich, Walter Hoefler, Sergio Vergara Alarco?n (editor) 210 1$aFrankfurt, Alemania :$cEditorial Iberoamericana - Vervuert,$d2004. 215 $a1 online resource (334 p.) 225 0 $aEstudios Latinoamericanos de Erlangen ;$v47 311 0 $a84-8489-167-4 327 $tFront matter --$tINDICE --$tPrólogo --$tParte I. --$tMemoria y duelo en la narrativa chilena actual: ensayo, periodismo político, novela y cine /$rPagni, Andrea --$tEl mercado editorial chileno: entre la lógica del bestseller y la biblio-diversidad /$rMertin, Ray-Gfide / Schwermann, Michaela --$tSobre una nueva literatura universal /$rGarscha, Karsten --$tTortura, amnesia y amnistía: La muerte y la doncella de Ariel Dorfman y de Roman Polanski /$rSchlickers, Sabine --$tLa voz del recuerdo / el recuerdo de la voz La muerte y la doncella /$rMunro, Andrew --$tNo pasarse de la raya: Una estética cinematográfica de la transición en El chacotero sentimental /$rCortínez, Verónica --$tEl experimento multimedial de Pía Barros con la temática del dolor /$rSeibert, Birgit --$t"Talkin' 'bout my generation" - McOndo y las novelas de Alberto Fuguet /$rHopfe, Karin --$tLa literatura como diagnóstico de la sociedad enferma - dos novelas de Jaime Collyer /$rWülfel, Matthias --$tNuevas operaciones en la escritura chilena actual. Carta abierta a... /$rVergara Alarcón, Sergio --$tModernización e identidad en la ensayística chilena al final del siglo XX /$rNitschack, Horst --$tDiamela Eltit: el ensayo como estrategia narrativa /$rMorales, Leonidas --$tParte II. --$tLa antipoesía: ¿comienzo o final de una época? /$rSchopf, Federico --$tDe la antipoesía a la antiweb - Nicanor Parra (y sus huellas) en internet /$rAltenberg, Tilmann --$tUtopía y distopía en el contexto político de la poesía chilena de fines del siglo XX. Raúl Zurita y José Ángel Cuevas /$rGalindo, Óscar V. --$tLos entrampamientos gnósticos del sujeto. Cipango de Tomás Harris /$rMorales Saravia, José --$tLo alemán en la poesía chilena /$rHoefler, Walter --$tParte III. --$tChile post Pinochet: el discurso de la transición a la democracia /$rNoemí Padilla, Cristián Juan --$tDiscurso de validación de la Reforma Educacional en Chile. Un caso de resignificación /$rGuido Burgos, Juan --$tExclusión social en el mercado laboral en Chile en la década de los 90 /$rLeiva, Sandra --$t"Siempre quería escribir un libro sobre mi generación". Entrevista con Desiderio Arenas /$rBergenthal, Kathrin --$tCarta Abierta al Capitán General /$rLipthay, Isabel 330 $aCompilación de artículos sobre el Chile contemporáneo dividido en tres secciones que se ocupan a su vez de la producción literaria y el mercado editorial, el cine, la educación y la política. 410 0$aEstudios Latinoamericanos de Erlangen Ser. 606 $aCinematographers$zChile$x20th century$xHistory 606 $aLiterature and society$zChile 606 $aPolitics and literature$zChile 606 $aCinematografia$zChile$xSiglo XX$xHistoria 606 $aLiteratura y sociedad$zChile 606 $aPolitica y literaturaChile 608 $aLibros electronicos. 615 0$aCinematographers$x20th century$xHistory. 615 0$aLiterature and society 615 0$aPolitics and literature 615 4$aCinematografia$xSiglo XX$xHistoria. 615 4$aLiteratura y sociedad 615 4$aPolitica y literaturaChile. 676 $a860.9983 702 $aSpiller$b Roland 702 $aHeydenreich$b Titus 702 $aHoefler$b Walter 801 0$bFINmELB 801 1$bFINmELB 906 $aBOOK 912 $a9910480097403321 996 $aMemoria, duelo y narración$91892139 997 $aUNINA